000 00919cam a22002531 4500
001 sa 67007852
003 DLC
005 20260227112419.0
008 810608s1966 pk 000 0 eng
010 _asa 67007852
025 _aPL480:P-E-993
035 _a(OCoLC)7483149
040 _aDLC
_cNIC
_dDLC
042 _apremarc
050 0 0 _aDS385.J5
_bA53 1966
082 _a320.9/549
100 1 _aJinnah, Mahomed Ali,
_d1876-1948.
245 1 0 _aSelected speeches and statements of the Quaid-i-Azam Mohammad Ali Jinnah, 1911-34 and 1947-48
_cCollected & edited by M. Rafique Afzal; with a foreword by S. M. Ikram
260 _aLahore
_bResearch Society of Pakistan, University of the Punjab
_c[1966].
300 _axvii, 475 p.
_c25 cm.
490 1 _aPublication of the Research Society of Pakistan
_vno. 3
700 1 _aAfzal. M. Raflique
_eed.
830 0 _aPublication (Research Society of Pakistan) ;
_vno. 3.
999 _c76820
_d76820